| 000 | 00564nam a2200193Ia 4500 | ||
|---|---|---|---|
| 005 | 20250508153402.0 | ||
| 008 | 008 250505s9999 xx 000 0 eng d | ||
| 037 | _aBooks to be hide in OPAC | ||
| 040 |
_aFEDL _beng _cFEDL |
||
| 041 |
_aeng _2eng |
||
| 084 |
_a631.21, UNI/O _qFEDL |
||
| 100 |
_aHollenberg A H _9763851 |
||
| 245 | 0 | _aInstruction in farm mechanics | |
| 245 | 0 | _cU S Department of Health, Education, and Welfare Marion B Folsom | |
| 260 | _c1957 | ||
| 300 | _a63p. | ||
| 942 |
_cHB _h631.21, UNI/O |
||
| 999 |
_c1342472 _d1342472 |
||